Airlines in Each Country (Europe) - Statistics

General Stats
  • This quiz has been taken 120 times
  • The average score is 34 of 133
Answer Stats
Country Answer % Correct
Germany Lufthansa
92%
France Air France
89%
Netherlands KLM
82%
Ireland Ryanair
82%
United Kingdom British Airways
80%
Denmark SAS
80%
Portugal TAP
74%
Finland Finnair
73%
Spain Iberia
73%
Switzerland SWISS
72%
Poland LOT
71%
Ireland Aer Lingus
69%
Russia Aeroflot
69%
Greece Aegean
67%
Austria Austrian Airlines
66%
United Kingdom EasyJet
66%
Turkey Turkish Airlines
66%
Hungary Wizz Air
66%
Iceland Icelandair
64%
Luxembourg Luxair
61%
Belgium Brussels Airlines
60%
Malta Air Malta
58%
Italy ITA Airways
57%
Albania Air Albania
55%
Azerbaijan Azerbaijan Airlines
52%
Latvia Air Baltic
51%
Germany Eurowings
51%
Turkey A Jet
48%
Serbia Air Serbia
46%
Croatia Croatia Airlines
45%
Czechia Czech Airlines
45%
Netherlands Transavia
44%
Spain Vueling
44%
Romania TAROM
43%
Germany Condor
40%
Bulgaria Bulgaria Air
38%
Greenland Air Greenland
37%
Belarus Belavia
37%
Turkey Pegasus Airlines
36%
United Kingdom Virgin Atlantic
36%
Iceland Play
35%
Russia Rossiya
35%
Russia S7 Airlines
35%
Spain Air Europa
34%
Ukraine Ukraine International
30%
Belgium Air Belgium
29%
Cyprus Cyprus Airways
28%
United Kingdom Jet2
28%
United Kingdom Loganair
28%
Spain Volotea
28%
Switzerland Edelweiss Air
27%
Italy Air Dolomiti
26%
Turkey SunExpress
25%
Czechia Smartwings
24%
Russia Ural Airlines
22%
Georgia Georgian Airlines
20%
France French Bee
19%
Italy Neos
19%
Russia Pobeda
19%
Italy Aeroitalia
18%
Armenia Armenian Airlines
18%
United Kingdom TUI Airways
18%
Faroe Islands Atlantic Airways
17%
France Corsair
17%
Switzerland Helvetic
17%
Greece Sky Express
17%
France Air Corsica
16%
Malta KM Malta Airlines
16%
Norway Norse
16%
Poland Enter Air
15%
Russia Nordwind
15%
Turkey Corendon Airlines
13%
Denmark DAT
13%
Germany Discover Airlines
13%
Spain LEVEL
13%
Russia Redwings
13%
Russia Utair
12%
Ukraine SkyUp Airlines
11%
Russia Azur Air
10%
Moldova Fly One
10%
United Kingdom Aurigny
9%
Russia Azimuth
8%
Bulgaria BH Air
8%
Moldova Hi Sky
8%
Malta Lauda Europe
8%
Turkey Southwind
8%
Armenia Armenia Airways
7%
Portugal Azores Airlines
7%
Bulgaria European Air Charter
7%
Azerbaijan Silk Way
7%
Russia Yamal
7%
Spain Albastar
6%
Slovenia Amelia
6%
France ASL Airlines
6%
Switzerland Chair Airlines
6%
Turkey Freebird Airlines
6%
France La Compagnie
6%
Spain Plus Ultra
6%
Italy Skyalps
6%
Spain Wamos Air
6%
Spain Binter Canaries
4%
United Kingdom Eastern Airlines
4%
Portugal EuroAtlantic
4%
Lithuania GetJet Airlines
4%
Lithuania Heston Airlines
4%
Russia IrAero
4%
Spain World2Fly
4%
Russia Yakutia
4%
Malta Maleth Aero
3%
Germany Sundair
3%
United Kingdom Titan Airways
3%
Croatia Trade Air
3%
Norway Winderoe
3%
Germany AeroLogic
2%
Albania Albawings
2%
Slovakia Go2Sky
2%
Russia Ikar
2%
Kosovo Kosova Airlines
2%
Russia Nordstar
2%
Spain Privilege Style
2%
Ukraine Windrose Airlines
2%
Iceland Air Atlanta Icelandic
1%
Russia Alrosa
1%
Spain Evelop
1%
Bulgaria GullivAir
1%
Norway Norweigian
1%
Armenia Air Dilijans
0%
Malta AirX Charter
0%
Sweden BRA Braatens
0%
Malta HiFly Europe
0%
Portugal Orbest
0%
Cyprus Tus Airways
0%
No matching quizzes found
Score Distribution
Percent of People with Each Score
Percentile by Number Answered
Your Score History
You have not taken this quiz